000 00384nam a2200121Ia 4500
008 230907s9999||||xx |||||||||||||| ||und||
082 _a658.26
_bHOR
100 _aHordeski, Michael F.
_9106599
245 0 _aEmergency and backup power sources :
260 _aFairmont Press ; | Distributed by CRC Press,
_bLilburn, GA : | Boca Raton, FL :
_c2005
300 _ax, 313 p. ;
942 _cBK
999 _c599548
_d599548